Classic landforms of the Brecon Beacons /

Bibliographic Details
Main Author: Shakesby, Richard
Format: Book
Language:English
Published: Sheffield : Geographical Association in conjunction with the British Geomorphological Research Group, 2002.
Series:Classic landform guides.
Subjects:

MARC

Tag First Indicator Second Indicator Subfields
LEADER 00000cam a2200000Ma 4500
001 in00001761822
005 20151025051820.0
008 020507s2002 enkab b 000 0 eng d
020 |a 1843770164 
035 |a (OCoLC)ocm49957864 
040 |a EQO  |c EQO  |d OCLCQ  |d TXA  |d UtOrBLW 
043 |a e-uk-wl 
049 |a TXAM 
090 |a GB543.B73  |b S42 2002 
100 1 |a Shakesby, Richard. 
245 1 0 |a Classic landforms of the Brecon Beacons /  |c Richard Shakesby. 
264 1 |a Sheffield :  |b Geographical Association in conjunction with the British Geomorphological Research Group,  |c 2002. 
300 |a 48 pages :  |b illustrations, maps ;  |c 23 cm. 
336 |a text  |b txt  |2 rdacontent 
337 |a unmediated  |b n  |2 rdamedia 
338 |a volume  |b nc  |2 rdacarrier 
490 1 |a Classic landform guides 
504 |a Includes bibliographical references (page 48). 
650 0 |a Landforms  |z Wales. 
651 0 |a Brecon Beacons National Park (Wales)  |x Geography. 
830 0 |a Classic landform guides. 
948 |a cataloged  |b h  |c 2003/11/7  |d c  |e jgreene  |f 12:59:52 pm 
994 |a E0  |b TXA 
999 |a MARS 
999 f f |s b4ed0220-6794-314d-8318-24e15fe6614d  |i cfb520dd-63bf-3a77-b5e2-16cca2e414e3  |t 0 
952 f f |p ric  |a Texas A&M University  |b Rellis Campus  |c Joint Library Facility  |d Remote Storage  |t 0  |e GB543.B73 S42 2002  |h Library of Congress classification  |i unmediated -- volume  |m A14830765344 
998 f f |a GB543.B73 S42 2002  |t 0  |l Remote Storage